| 000 | 00978nam a22003017a 4500 | ||
|---|---|---|---|
| 001 | 00260 | ||
| 003 | DO-SdBNP | ||
| 005 | 20180219133648.0 | ||
| 008 | 151022b 1992 sp a || |||| 00| 0 spa d | ||
| 020 | _a8434808188 | ||
| 040 |
_aBPMSU _bspa _cBPMSU |
||
| 092 |
_axxxx _bxxxx |
||
| 100 | 1 |
_aParker, Alan, _d1944- |
|
| 240 | _aPuddles in the lane / | ||
| 245 | 1 | 0 |
_aCharcos en el camino / _cAlan Parker ; traducción Pedro Barbadillo ; ilustraciones y cubierta Antonio Tello] |
| 250 | _a13 ed. | ||
| 260 |
_aMadrid : _bEdiciones SM, _c1992. |
||
| 300 |
_a192 p. : _bil. ; _c19 cm. |
||
| 490 | 1 |
_aBarco de vapor _v2 |
|
| 500 | _aIncluye datos biográficos del autor en la solapa de la contracubierta. | ||
| 521 | _aA partir de 12 años. | ||
| 700 | 1 | 2 |
_aBarbadillo, Pedro, _etr. |
| 700 | 1 | 2 |
_aTello, Antonio, _eil. |
| 830 | 0 |
_aBarco de vapor ; _gRoja _v2 |
|
| 942 |
_2ddc _cBK |
||
| 945 | _aInventariado, 2018/ YL | ||
| 956 |
_aLOPEREZ _210 _320160406 _6BPMSU _80041 |
||
| 999 |
_c8421 _d8421 |
||